000 00334nam a22001457a 4500
008 221121b ||||| |||| 00| 0 eng d
020 _a9780205501748
041 _aeng
080 _a159.9
082 _a159.9MPO
100 _a25
101 _aPSI
245 _aASSESSMENT IN REHABILITATION AND HEALTH
_cMPOFU E
942 _2udc
_cBK
999 _c58980
_d58980